000 00648nam a2200241 i 4500
001 C2-0102872
003 PPAK
005 20180727100355.0
008 970603s1990 nyua|||| ||||| | eng d
020 _a0689314558
040 _aPPAK
_beng
_cPPAK
_erda
082 0 4 _a398.2
_223
090 0 0 _a398.2
_bSHE
_dK
100 1 _aShetterly, Susan Hand,
_eauthor
245 1 4 _aThe dwarf-wizard of uxmal
264 1 _aNew York :
_bAtheneum ,
_c1990
300 _a[28 pages] :
_billustrations ;
_c22 cm
336 _2rdacontent
_atext
337 _2rdamedia
_aunmediated
338 _2rdacarrier
_avolume
650 1 0 _aFolk literature
942 _ddc
_cB
999 _c24117
_d24117